000 00442nam a2200181Ia 4500
001 9668
005 20260306161735.0
008 260306t2013||||xx |||||||||||||| ||spa||
041 _aESP
082 _a388.44
_bP78
100 _aPortales Rodríguez, Genaro de Jesús
_eAUT
245 0 _aTransportación internacional
260 _c2013
300 _a207 páginas :
_c23 cm.
650 _aGEN
654 _aCHU
942 _cLIB
_dJUS
_fJUS
_2ddc
_n
999 _c9668
_d9668